¿Puede consolidarse la democracia en México? /

محفوظ في:
التفاصيل البيبلوغرافية
المؤلف الرئيسي: Krauze, Enrique
التنسيق: كتاب
اللغة:Spanish
الوسوم: إضافة وسم
لا توجد وسوم, كن أول من يضع وسما على هذه التسجيلة!

MARC

LEADER 00000nam a22000007a 4500
003 cru CIDCACS/IIS
005 20190221135312.0
007 Ta
008 190221b2000 mx q||p|r||||||0| ||spa||
999 |c 42192  |d 42192 
040 |c cru CIDCACS/IIS 
100 1 |9 8337  |a Krauze, Enrique 
245 1 1 |a ¿Puede consolidarse la democracia en México? /  |c Enrique Krauze 
300 |a páginas 102-114:  |b fotos 
773 0 |0 42185  |9 2662  |a InstitutoTecnológico Autónomo de México  |d México: El Instituto, 2000-  |o 17874  |t Foreign Affairs:  |x 16651707 
942 |2 ddc  |c PP